| 000 | 00977nam a22002537a 4500 | ||
|---|---|---|---|
| 999 |
_c65757 _d65757 |
||
| 005 | 20240530110841.0 | ||
| 008 | 200912s2019 ua a g b 000 0dara d | ||
| 017 |
_a2018/26265 _bمصر. دار الكتب |
||
| 020 | _a9789779121338 | ||
| 040 |
_aEG-CaGPL _cEG-CaGPL |
||
| 082 | 0 | 4 |
_221 _a962.3 _bق/ح ن |
| 100 | 0 | _aحليمة النوبى على | |
| 245 | 0 | 2 |
_aالنشاط الاقتصادى والاجتماعى للنوبيين 1805 - 1933 / _cحليمة النوبى على |
| 250 | _aط.1 | ||
| 260 |
_aالقاهرة : _bالهيئة المصرية العامة للكتاب، _c2019 |
||
| 300 |
_a393 ص. ؛ _c24 سم. |
||
| 490 | 0 |
_aتاريخ المصريين ؛ _v318 |
|
| 650 | _2qrmak | ||
| 651 | 0 | 7 |
_aالنوبة _xتاريخ _2qrmak |
| 651 | 0 | 7 |
_aالنوبة _xالاحوال الاقتصادية _2qrmak |
| 651 | 0 | 7 |
_aالنوبة _xالاحوال الاجتماعية _2qrmak |
| 942 |
_2ddc _cBK |
||